000 00288nam a2200121Ia 4500
008 220120s9999||||xx |||||||||||||| ||und||
082 _a621.382 MUR
100 _aMurthy, Krishna
_911362
245 0 _aElectrical electronics
260 _bNew Delhi
300 _b0
650 _aMATHEMATICS
999 _c136254
_d136254